000 00290nam a22001337a 4500
008 181016b xxu||||| |||| 00| 0 eng d
020 _a002354970
041 _aeng
080 _23 ED
_a541
100 _a12
101 _aKIM
245 _aChemistry And Life
_cHill.JW
942 _2udc
_cBK
999 _c49809
_d49809